سجلات تاريخية من مصر القديمة / (Record no. 60181)
[ view plain ]
| 000 -الفاتح | |
|---|---|
| حقل البيانات ثابتة الطول | 02089nam a22003377a 4500 |
| 005 - وقت وتاريخ اخر تعامل مع التسجيلة | |
| رقم الضبط | 20240530110357.0 |
| 008 - عناصر البيانات ثابتة الطول - معلومات عامة | |
| حقل البيانات ثابتة الطول | 150111s2009 ua o f 000 0 ara d |
| 017 ## - رقم الايداع القانونى | |
| رقم الايداع القانونى | 2009/3221 |
| المصدر ( الهيئة المختصة) | مصر . دار الكتب المصرية |
| 020 ## - الرقم الدولى المعيارى للكتب | |
| الرقم الدولى المعيارى للكتاب | 9775130557 |
| 040 ## - مصدر الفهرسة | |
| وكالة الفهرسة الأصلية | EG-CaGPL |
| 041 0# - رمز اللغة | |
| رمز لغة النص/ المسارات الصوتية أو العنوان الانفرادي | ara |
| 082 04 - رقم تصنيف ديوى العشرى | |
| رقم الطبعة | 21 |
| رقم التصنيف | 932 |
| رقم المادة | ق/ب س |
| 100 1# - المدخل الرئيسى - إسم شخصى | |
| الإسم الشخصى | برستد ، جيمس هنرى |
| 245 10 - بيان العنوان | |
| العنوان | سجلات تاريخية من مصر القديمة / |
| بيان المسئوليه,etc | ترجمة من اللغة المصرية القديمة جيمس هنرى برستد ؛ ترجمها الى العربية احمد محمود ، عثمان مصطفى عثمان ؛ راجعها و علق على صدرها جاب الله على جاب الله |
| رقم الجزء/قسم العمل | المجلد الاول : |
| اسم جزء/قسم العمل | من الاسرة الاولى الى الاسرة السابعة عشرة |
| رقم الجزء/قسم العمل | المجلد الثانى : |
| اسم جزء/قسم العمل | الاسرة الثامنة عشرة |
| رقم الجزء/قسم العمل | المجلد الثالث: |
| اسم جزء/قسم العمل | الاسرة التاسعة عشرة |
| رقم الجزء/قسم العمل | المجلد الرابع : |
| اسم جزء/قسم العمل | الاسرات من العشرين الى السادسة والعشرين |
| 250 ## - بيان الطبعة | |
| بيان الطبعة | ط1 |
| 260 ## - PUBLICATION, DISTRIBUTION, ETC. (IMPRINT) | |
| تاريخ النشر أو التوزيع | 2009 |
| 300 ## - الوصف المادى | |
| التعداد | 5 مج : |
| تفاصيل ماديه اخرى للوعاء | صور ؛ |
| أبعاد الوعاء | 19 سم |
| 650 04 - المدخل الاضافى بالموضوع-مصطلح موضوعى | |
| مصطلح موضوعي | الحضارة الفرعونية |
| 650 04 - المدخل الاضافى بالموضوع-مصطلح موضوعى | |
| مصطلح موضوعي | مصر القديمة |
| التقسيم الفرعي العام | تاريخ |
| 650 04 - المدخل الاضافى بالموضوع-مصطلح موضوعى | |
| مصطلح موضوعي | مصر القديمة |
| التقسيم الفرعي العام | تاريخ |
| التقسيم الفرعي الزمني | عصر الاسرة السابعة عشر |
| 650 04 - المدخل الاضافى بالموضوع-مصطلح موضوعى | |
| مصطلح موضوعي | مصر القديمة |
| التقسيم الفرعي العام | تاريخ |
| التقسيم الفرعي الزمني | عصر الاسرة الثامنة عشر |
| 650 04 - المدخل الاضافى بالموضوع-مصطلح موضوعى | |
| مصطلح موضوعي | مصر القديمة |
| التقسيم الفرعي العام | تاريخ |
| التقسيم الفرعي الزمني | عصر الاسرة التاسعة عشر |
| 650 04 - المدخل الاضافى بالموضوع-مصطلح موضوعى | |
| مصطلح موضوعي | مصر القديمة |
| التقسيم الفرعي العام | تاريخ |
| التقسيم الفرعي الزمني | عصر الاسرة العشرين |
| 650 04 - المدخل الاضافى بالموضوع-مصطلح موضوعى | |
| مصطلح موضوعي | مصر القديمة |
| التقسيم الفرعي العام | تاريخ |
| التقسيم الفرعي الزمني | عصر الاسرة السادسة و العشرين |
| 650 04 - المدخل الاضافى بالموضوع-مصطلح موضوعى | |
| مصطلح موضوعي | مصر القديمة |
| التقسيم الفرعي العام | تاريخ |
| التقسيم الفرعي الزمني | عصر الاسرة الاولى |
| 700 0# - المدخل الاضافى - اسم شخصى | |
| الإسم الشخصى | احمد محمود |
| الدور | مترجم |
| 700 0# - المدخل الاضافى - اسم شخصى | |
| الإسم الشخصى | عثمان مصطفى عثمان |
| الدور | مترجم مساعد |
| 700 0# - المدخل الاضافى - اسم شخصى | |
| الإسم الشخصى | جاب الله على جاب الله |
| الدور | مراجع |
| 942 ## - عناصر المدخل الإضافي( كوها) | |
| مصدر التصنيف او مخطط الترفيف | Dewey Decimal Classification |
| Koha [default] item type | كتاب |
| 260 ## - PUBLICATION, DISTRIBUTION, ETC. (IMPRINT) | |
| -- | القاهرة : |
| -- | سنابل للكتاب ، |
| حالة التراجع | حالة الفقد | حالة تلف | ليس للاعارة | المكان المؤقت | الموقع الحالى | تاريخ الاكتساب | اجمالي اﻻعارات | رقم الطلب | الباركود | تاريخ اخر مشاهدة | تاريخ تفعيل السعر | نوع وعاء كوها |
|---|---|---|---|---|---|---|---|---|---|---|---|---|
| مكتبة القاهرة الكبرى | مكتبة القاهرة الكبرى | 01/11/2015 | 932 ق/ب س | 159179 | 01/11/2015 | 01/11/2015 | كتاب | |||||
| مكتبة القاهرة الكبرى | مكتبة القاهرة الكبرى | 01/11/2015 | 932 ق/ب س | 159180 | 01/11/2015 | 01/11/2015 | كتاب | |||||
| مكتبة القاهرة الكبرى | مكتبة القاهرة الكبرى | 01/11/2015 | 932 ق/ب س | 159181 | 01/11/2015 | 01/11/2015 | كتاب | |||||
| مكتبة القاهرة الكبرى | مكتبة القاهرة الكبرى | 01/11/2015 | 932 ق/ب س | 159182 | 01/11/2015 | 01/11/2015 | كتاب |

